1003 1376 1285 1624 1047 1831 1555 1406 1824 1093 1738 1697 1722 1281 1021 1008 1334 1424 1148 1620 1832 1769 1367 1740 1430 1674 1052 1622 1581 1499 1205 1628 1891 1159 1100 1234 1230 1319 1178 1789 1892 1775 1833 1719 1299 1015 1724 1045 1695 1653 1984 1727 1891 1811 1104 1677 1061 1941 1849 1306 1876 1654 1966 1213 1903 1455 1755 1099 1227 1715 1509 1329 1844 1464 1929 1841 1092 1403 1192 1718 1484 1982 1354 1885 1991 1914 1991 1070 1512 1527 1304 1244 1862 1454 1265 1150 1343 1989 1212 BCNSPRNW ULIB Ver.6.0+V

เปลี่ยนเป็นภาษาไทย

Change to English
 แสดงรายละเอียดบรรณานุกรม
  กลับหน้าหลัก

Brief Record : Get Marc (ISO 2709) : E-mail record : QR code < ปิดหน้าต่าง
LEADER : 00000nam 2200000uu 4500
001    13399111189
003     ULIB
008    110620s||||||||th 000 0 tha d
020    9748661733
050 04 BF449^bม711ส 2542
245 00 จิตวิทยาการสร้างสรรค์สัมพันธภาพแห่งความรัก และการคลี่คลายปัญหาที่เกิดขึ้น/^cมิ่งขวัญธรรม ฉ่ำชื่นเมือง: บก.เรียบเรียง
260    กรุงเทพฯ :^bต้นธรรม,^c2542
300    191 หน้า :^bภาพประกอบ ;^c22 ซม
650  7 ความรัก
650  7 ความสัมพันธ์ในครอบครัว
650  7 การสมรส
650  7 สามีและภรรยา
700 0  มิ่งขวัญธรรม ฉ่ำชื่นเมือง
945    ^p120^l0^i012603
945    ^p120^l0^i012602
995    ทศพร
999 ^a ใช้งานได้ทุกระบบ
รายการนี้ยังไม่มีแท็ก
คุณยังไม่ได้ล็อกอิน คุณสามารถมีกิจกรรมร่วมกับเว็บไซต์ได้ แต่ต้องล็อกอินก่อน ::
  ล็อกอิน

รายการสื่อสารสนเทศ

ลำดับที่ ประเภท เลขเรียก/บาร์โค้ด สถานที่ สถานะ
- ไม่พบข้อมูล -

รายการใกล้เคียง
    หัวเรื่อง [ความรัก]
    หัวเรื่อง [ความสัมพันธ์ในครอบครัว]
    หัวเรื่อง [การสมรส]

BibComment


ยังไม่เคยถูกคอมเมนท์

คอมเมนท์ทรัพยากรรายการนี้
  คอมเมนท์: จิตวิทยาการสร้างส..


 Copyright 2026. Bcnsprnw @Library